000 00714nam a2200289Ia 4500
005 20260324112525.0
008 008 260324s9999 xx 000 0 eng d
020 _a9781003354024
037 _aEBOOK
040 _aCRL
040 _beng
040 _cCRL
041 _2eng
041 _aeng
084 _qCRL
100 _aSarita Srivastava; Anju Bisht; Avula Laxmaiah; Anitha Seetha
_91143051
245 0 _aGlobal Health Challenges
245 0 _bNutrition and Management
260 _bTaylor and Francis
260 _c2024
365 _a
365 _b210
856 _uhttp://www.taylorfrancis.com/books/9781003354024
942 _cEBOOK
999 _c1732290
_d1732290